Recovery planners improve standards (Record no. 78039)

MARC details
000 -LEADER
fixed length control field 00835cab a2200193 4500
001 - CONTROL NUMBER
control field L135848
008 - FIXED-LENGTH DATA ELEMENTS--GENERAL INFORMATION
fixed length control field 061213n2006 000 0 eng u
035 ## - SYSTEM CONTROL NUMBER
System control number (Sirsi) u135848
041 0# - LANGUAGE CODE
Language code of text/sound track or separate title eng
100 1# - MAIN ENTRY--PERSONAL NAME
Personal name Alexander, Anthony
245 00 - TITLE STATEMENT
Title Recovery planners improve standards
260 ## - PUBLICATION, DISTRIBUTION, ETC.
Date of publication, distribution, etc. 2006
490 #0 - SERIES STATEMENT
Series statement Planning (for the Natural and Built Environment)
Volume/sequential designation (1694) 10 November 2006, 16-18(3)
520 ## - SUMMARY, ETC.
Summary, etc. Focuses on the recovery efforts in the wake of Hurricane Katrina, arguing that the disaster has encouraged important questions to be raised about how we build in the 21st century and looking at the first signs of sustainable communities being developed in Mississippi.
590 ## - LOCAL NOTE (RLIN)
Local note KA
651 #4 - SUBJECT ADDED ENTRY--GEOGRAPHIC NAME
Geographic name UNITED STATES
690 ## - LOCAL SUBJECT ADDED ENTRY--TOPICAL TERM (OCLC, RLIN)
Topical term or geographic name as entry element ENVIRONMENTAL AND LAND CONSULTANCY-PLANNING AND DEVELOPMENT-STRATEGIC PLANNING
942 ## - ADDED ENTRY ELEMENTS (KOHA)
Suppress in OPAC 0
Holdings
Withdrawn status Lost status Source of classification or shelving scheme Damaged status Not for loan Home library Current library Shelving location Date acquired Total Checkouts Full call number Barcode Date last seen Copy number Price effective from Koha item type
    Dewey Decimal Classification     London London Journal article 13/12/2006   L135848 135848-1001 06/08/2019 1 06/08/2019 Journal article